Регионална библиотека "Любен Каравелов" - Русе

Брат Берсеркер (Запис номер 4442)

MARC детайли
000 -Лидер
Контролно поле с фиксирана дължина 01309nam a2200313 c 4500
003 - Код на организацията, давaща контролен номер
Контролно поле BLK
005 - Дата и час на последна редакция
Контролно поле 20180420213824.0
008 - Елементи от данни с фиксирана дължина
fixed length control field 180412b bul|||||r ||||||| ||bul||
010 ## - Наследен системен номер
LC control number KNG00005585000
040 ## - Източник на каталожния запис
Идентификатор на билиотеката - собственик на записа BLK
041 ## - Код за език
Код за езика на текст/звукозапис или на отделно заглавие Български
Код за езика КДБФ Български
080 ## - УДК
Текстов определител УДК Американска литература (на САЩ)
УДК код - определител по УДК 821.111(73)
УДК определител -312.9
УДК - код + определител 821.111(73)-312.9
100 1# - Редна дума - Автор
Автор Саберхаген, Фред Томас
Авторска отговорност първи автор
R(LIN) 118071
139 ## - Редно поле
Редна дума Саберхаген, Фред Томас
Авторски знак Са - С 12
245 10 - Сведения за заглавието
Заглавие Брат Берсеркер
Подзаглавни данни Фантаст. роман от сер. Берсеркер
Редно поле (дума) Фред Томас Саберхаген; прев. от англ. Галин Йорданов.
257 ## - Страна на издаване
Страна на създаване/издаване Съединени американски щати
260 ## - Област на издателските данни
-- Бургас
Име на издателя, разпространителя и проч. Oфир
Година на издаване 1994
Печатница Враца : Полипринт
300 ## - Физическа характеристика
Страници 205 с.
Размери/Мащаб 20 см
380 ## - Жанр
Жанр Худож. лит.
490 1# - СЕРИИ (Колекции)
Име на серия Библиотека Фанатастика
490 1# - СЕРИИ (Колекции)
-- Подсерия
Име на серия Войните на бъдещето
№: серия 002
500 ## - Общи забележки
Забележка Ориг. загл. The Brother Berserker / F. Saberhagen. - 9 000 тир.
700 1# - Други автори (авторска отговорност)
Лично име Йорданов, Галин
Автороска отговорност (Описва отношението между автора и произведението) прев. от англ.
9 (RLIN) 248685
852 ## - Местоположение
Форматна сигнатура Цб 180214
856 4# - Електронен адрес и достъп
Електронен формат pdf - файл
Път до файла /url/
856 4# - Електронен адрес и достъп
Електронен формат pdf - файл
Път до файла /url/
942 ## - АРТИКУЛИ
Вид на библиотечния материал Книги
Скрит в OPAC Не
944 ## - СЪЗДАВАНЕ И РЕДАКЦИЯ на ЗАПИСА
Създаване/Редакция Създаване
Дата на регистрацията/редакция 15.01.2003
Служител, извършил регистрацията/редакцията Цветанка_Енчева
944 ## - СЪЗДАВАНЕ И РЕДАКЦИЯ на ЗАПИСА
Създаване/Редакция Редакция
Дата на регистрацията/редакция 28.07.2006
Служител, извършил регистрацията/редакцията
999 ## - СИСТЕМНИ КОНТРОЛНИ НОМЕРА
Koha biblionumber 4442
Koha biblioitemnumber 4442
Наличности
Код за отписване Код за изгубен артикул Източник на класификационната схема Код за повреда Коз за рестрикции Код за отдаване Артикулен № Име на библиотеката - собственик Име на библиотеката, в която се намира в момента Статус (Текущо местоположение) Дата на вписване в системата Местоположение - отдел Цена в лева Инвентарен номер Систематично азбучна сигнатура Баркод Номер на екземпляра Цена в евро Служебна бележка Служебен тип на артикула
  Не е изгубен Universal Decimal Classification Не е повреден без рестрикции ползва се в читалня 7884 Регионална библиотека "Любен Каравелов" Русе Регионална библиотека "Любен Каравелов" Русе Хранилище 2001-01-01 Хранилище 0.53 609390 Цб 180214 120000609390 1 0.27 Дост: Dp Вид: Д N: 3 Дата: 01.01.1994 Дата инв: 05.05.2015 Бележки инв: Цб2015 Книги
  Не е изгубен   Не е повреден без рестрикции заемане за дома 7885 Регионална библиотека "Любен Каравелов" Русе Регионална библиотека "Любен Каравелов" Русе Заемна - подръчен фонд 2005-11-22 Заемна - подръчен фонд 2.00 120000698289 П 820(73)-31/С 12 120000698289 2 1.02 Дост: Pk Вид: Ф N: 26 Дата: 22.11.2005 Дата инв: 14.02.2018 Бележки инв: П2018 Книги
  Не е изгубен   Не е повреден без рестрикции заемане за дома 7886 Регионална библиотека "Любен Каравелов" Русе Регионална библиотека "Любен Каравелов" Русе Детски отдел 2006-07-26 Детски отдел 3.00 120000703822 Д 820/899/С 12 120000703822 3 1.53 Дост: Pk Вид: Ф N: 37 Дата: 19.07.2006 Дата инв: 25.09.2015 Бележки инв: Д2015 Книги
Vip Innovations Ltd, Rousse, Bulgaria 2025